El abastecimiento de madera a las minas de carbón / (Record no. 20192)

MARC details
000 -LEADER
campo de control de longitud fija 00798nam a2200193 i 4500
001 - NÚMERO DE CONTROL
campo de control 20192
003 - IDENTIFICADOR DE NÚMERO DE CONTROL
campo de control ES-MaACL
005 - FECHA Y HORA DE LA ÚLTIMA TRANSACCIÓN
campo de control 20230906152243.0
007 - CAMPO FIJO DE DESCRIPCIÓN FÍSICA--INFORMACIÓN GENERAL
campo de control de longitud fija t|
008 - DATOS DE LONGITUD FIJA--INFORMACIÓN GENERAL
campo de control de longitud fija 021108s1948 sp f |||| | spa d
100 1# - ENTRADA PRINCIPAL--NOMBRE DE PERSONA
Nombre de persona Aguado Smolinski, José.
9 (RLIN) 18629
245 13 - MENCIÓN DEL TÍTULO
Título El abastecimiento de madera a las minas de carbón /
Mención de responsabilidad, etc. por José Aguado Smolinski ; prólogo de Pedro de Novo F. Chicarro.
260 ## - PUBLICACIÓN, DISTRIBUCIÓN, ETC.
Lugar de publicación, distribución, etc. Madrid :
Nombre del editor, distribuidor, etc. Ministerio de Agricultura, Instituto Forestal de Investigaciones y Esperiencias,
Fecha de publicación, distribución, etc. 1948 (
Fabricante Gráf. Reunidas)
300 ## - DESCRIPCIÓN FÍSICA
Extensión 88, 13 p. de lám. :
Otras características físicas 2 gráf. pleg., il. ;
Dimensiones 24 cm.
650 #4 - PUNTO DE ACCESO ADICIONAL DE MATERIA--TÉRMINO DE MATERIA
Término de materia o nombre geográfico como elemento de entrada Minas de carbón.
9 (RLIN) 165080
700 1# - ENTRADA AGREGADA--NOMBRE PERSONAL
Nombre de persona Novo y Fernández Chicarro, Pedro de.
9 (RLIN) 86092
710 2# - ENTRADA AGREGADA--NOMBRE DE ENTIDAD CORPORATIVA
Nombre de entidad corporativa o nombre de jurisdicción como elemento de entrada Instituto Forestal de Investigaciones y Experiencias.
9 (RLIN) 5059
852 ## - LOCALIZACIÓN
Ubicación ES-MaACL
Número de control de estantería 1525-F-26
Holdings
Estatus retirado Estado de pérdida Estado de daño No para préstamo Colección Biblioteca de origen Biblioteca actual Ubicación en estantería Fecha de adquisición Fuente de adquisición Total de préstamos Signatura topográfica completa Código de barras Visto por última vez Precio de reemplazo Tipo de ítem Koha
        Colección de folletos Biblioteca del Ateneo de Madrid Biblioteca del Ateneo de Madrid Depósito folletos 17/01/2008     1525-F-26 1020696 23/02/2023 23/02/2023 Folleto